[Event "NOR-chB op"]
[Site "Asker"]
[Date "2003.06.01"]
[Round "5"]
[White "Kjeken, Johs R"]
[Black "Flores, Richard"]
[Result "1-0"]
[WhiteElo "1834"]
[BlackElo "1485"]
[PlyCount "61"]
[EventDate "2003.05.??"]
[EventType "swiss"]
[EventRounds "5"]
[EventCountry "NOR"]
[SourceTitle "EXT 2005"]
[Source "ChessBase"]
[SourceDate "2004.11.15"]
[SourceVersion "1"]
[SourceVersionDate "2004.11.15"]
[SourceQuality "1"]

1. e4 c6 2. d4 d5 3. Nc3 dxe4 4. Nxe4 Nf6 5. Ng3 Nbd7 6. Nf3 e6 7. Bd3 Bd6 8. Qe2 Be7 9. Bd2 Qc7 10. 0-0-0 Nd5 11. Ne5 Nxe5 12. dxe5 Nb4 13. Bxb4 Bxb4 14. Qg4 Bf8 15. Rhe1 g6 16. f4 Bd7 17. Bc4 0-0-0 18. Ne4 Be8 19. Rxd8+ Qxd8 20. Rd1 Qb6 21. Nf6 Qe3+ 22. Kb1 h5 23. Bxe6+ Kc7 24. Nxe8+ Kb6 25. Qh3 Qxf4 26. Qb3+ Ka5 27. Bxf7 Bc5 28. Nd6 Bxd6 29. exd6 b5 30. d7 Rd8 31. Qa3+ 1-0